000 01052cam a2200289 a 4500
001 3399375
003 OSt
005 20241111093433.0
008 890921s1990 njua b 001 0 eng
010 _a 89028036
020 _a0136485022 :
_c$13.00 (est.)
040 _aDLC
_cDLC
_dDLC
050 0 0 _aPE1128
_b.A67 1990
082 0 0 _a808.042 A67 1990
_220
100 1 _aArnaudet, Martin L.
245 1 0 _aParagraph development :
_ba guide for students of English /
_cMartin L. Arnaudet, Mary Ellen Barrett.
250 _a2nd ed.
260 _aEnglewood Cliffs, N.J. :
_bPrentice Hall Regents,
_cc1990.
300 _a182 p. :
_bill. ;
_c24 cm.
504 _aIncludes bibliographical references.
650 0 _aEnglish language
_xTextbooks for foreign speakers.
650 0 _aEnglish language
_xParagraphs
_xProblems, exercises, etc.
700 1 _aBarrett, Mary Ellen.
906 _a7
_bcbc
_corignew
_d1
_eocip
_f19
_gy-gencatlg
942 _2ddc
_cBK-EN
999 _c7222
_d7222